000 01125nam a22003134aa4500
003 BOFEUTO
005 20260512161924.0
008 260504t2025 bo gr 000 f spa d
040 _6BOFEUTO
_aBOFEUTO
_cBOFEUTO
041 _aspa
044 _abo
082 _aTE6303
_bM298d
100 _aMarsical Olmos, Rubén
100 _eautor
245 _aDiseño e implementación de estrategias de marketing social media en la Organización Tecnológico Fundasur de la ciudad de Oruro. /
245 _c Rubén Marsical Olmos, Claudia Gutierréz Ledezma
260 _aOruro :
_bs/n,
_c2025.
300 _a141 hojas ;
_bgráf, ilus. ;
_c28.5 cm.
500 _aIncluye bibliografía, anexos.
502 _aTrabajo Dirigido, (Licenciatura) -- Universidad Técnica de Oruro, Facultad de Ciencias Económicas, Financieras y Administrativas, Carrera Administración de Empresas, 2025.
650 _aAdministración
653 _aMarketing
653 _aEstrategias
653 _aImplementación
653 _aOrganización
700 _aGutiérrez Ledezma, Claudia
_etutor
942 _2ddc
_cTE
_n0
942 _n0
_2ddc
999 _c16158
_d16158